000 01684nam a2200325 i 4500
001 000045372
003 DO-SdBNP
005 20260114124704.0
007 ta
008 150305s2014 dr d 001 0 spa d
020 _a9789945586152
040 _aDO-SdBNP
_bspa
_cBNPHU
_erda
041 _aspa
082 4 _axxx
_bxxx
_222
100 1 _aMartínez Moya, Arturo,
_d1949-
_eautor
_4aut.
_973407
245 1 0 _aCrecimiento económico dominicano 1844-1950 :
_brecesiones, grandes tendencias y etapas relevantes del producto total y per cápita /
_cArturo Martínez Moya ; edición y corrección, Willian Capellán Ferreira.
264 4 _aSanto Domingo, República Dominicana :
_bArchivo General de la Nación,
_c©2014.
300 _a415 páginas :
_bgráficos ;
_c23 cm.
336 _atexto
_btxt
_2rdacontent
337 _asin mediación
_bn
_2rdamedia
338 _avolumen
_bnc
_2rdacarrier
490 1 _aColección Archivo General de la Nación
_v224
500 _aIncluye datos biográficos del autor en la solapa de la cubierta.
500 _aIncluye referencias bibliográficas, notas al pie de las páginas e índice onomástico
504 _aBibliografía : páginas 183-191
505 0 _aPreámbulo --
_gCapítulo 1--
_tProducto interno bruto 1844-1880 --
_gCapítulo 2--
_tProducto interno bruto -1880-1950 --
_tBibliografía --
_tApéndice estadístico 1--
_tProducto Interno Bruto 1 1844-1880--
_tApéndice estadístico 2--
_tProducto Interno Bruto 1 1880-1950--
_tÍndice de cuadros --
_tÍndice de gráficos--
_tÍndice onomástico.
590 _aInventariado, 2024/BT
700 1 _aCapellán Ferreira, Willian,
_eedición y corrección
_4ed. y corr.
_973408
942 _2ddc
_cLBS1
999 _c44861
_d44861